000 00363pam a2200157a 44500
008 230515b2000 xxu||||| |||| 00| 0 eng d
020 _aNULL
041 _aENGLISH
082 _aN.D.
100 _aGupta P.V.
245 _aIntroduction Course In Electromagetics Fiends
250 _a0
260 _aNULL
_bDanpat Rai
_c2000
300 _a406
650 _aNULL
999 _c584172
_d584172